2022 Speedway Grand Prix Riders - Statistics

General Stats
  • This quiz has been taken 8 times
  • The average score is 25 of 49
Answer Stats
Nationality Answer Pts % Correct
Poland Bartosz Zmarzlik 166 Permanent
100%
Great Britain Dan Bewley 102 Permanent
100%
Sweden Fredrik Lindgren 103 Permanent
100%
Australia Jack Holder 67 Permanent
100%
Australia Jason Doyle 83 Permanent
100%
Denmark Leon Madsen 133 Permanent
100%
Poland Maciej Janowski 106 Permanent
100%
Denmark Mikkel Michelsen 82 Permanent
100%
Great Britain Tai Woffinden 93 Permanent
100%
Denmark Anders Thomsen 51 Permanent
86%
Slovakia Martin Vaculík 91 Permanent
86%
Slovenia Matej Žagar 11 Wildcard
86%
Australia Max Fricke 52 Permanent
86%
Great Britain Robert Lambert 103 Permanent
86%
Poland Jakub Miśkowiak 4 Series Substitute
71%
Czech Republic Jan Kvěch 3 Wildcard
71%
Poland Patryk Dudek 102 Permanent
71%
Poland Paweł Przedpełski 29 Permanent
71%
Latvia Andžejs Ļebedevs 26 Series Substitute
57%
Poland Bartłomiej Kowalski DNR Track Reserve
57%
Germany Kai Huckenbeck 7 Wildcard
57%
United States Luke Becker DNR Series Substitute
57%
Poland Maksym Drabik 4 Wildcard
57%
Sweden Oliver Berntzon 5 Wildcard
57%
Great Britain Tom Brennan 1 Track Reserve
57%
Poland Gleb Chugunov 7 Wildcard
43%
Great Britain Leon Flint 0 Track Reserve
43%
Poland Oskar Paluch DNR Track Reserve
43%
Denmark Rasmus Jensen 12 Wildcard
43%
Poland Szymon Woźniak 3 Wildcard
43%
Great Britain Adam Ellis 0 Wildcard
29%
Czech Republic Daniel Klíma 0 Track Reserve
29%
France David Bellego DNR Series Substitute
29%
Poland Kacper Woryna 8 Wildcard
29%
Poland Krzysztof Lewandowski 0 Track Reserve
29%
Denmark Mads Hansen 7 Series Substitute
29%
Germany Norick Blödorn 0 Track Reserve
29%
Poland Wiktor Przyjemski DNR Track Reserve
29%
Denmark Benjamin Basso 0 Track Reserve
14%
Germany Lukas Baumann DNR Track Reserve
14%
Poland Mateusz Affelt 0 Track Reserve
14%
Ukraine Vitaly Lysak DNR Track Reserve
14%
Sweden Anton Karlsson 0 Track Reserve
0%
Hungary Dennis Fazekas 0 Track Reserve
0%
Denmark Emil Breum 0 Track Reserve
0%
Slovenia Nick Škorja 0 Track Reserve
0%
Czech Republic Petr Chlupáč DNR Track Reserve
0%
Sweden Victor Palovaara 0 Track Reserve
0%
Poland Wiktor Jasiński DNR Track Reserve
0%
No matching quizzes found
Score Distribution
Percent of People with Each Score
Percentile by Number Answered
Your Score History
You have not taken this quiz